Harry Kane’s International Goals - Statistics

General Stats
  • This quiz has been taken 136 times
    85 since last reset
  • The average score is 43 of 58
Answer Stats
Date Answer Score Competition % Correct
13 June 2017 France 1-0 Friendly
97%
13 June 2017 France 2-2 Friendly
97%
10 December 2022 France 1-1 2022 FIFA World Cup
97%
23 March 2023 Italy 2-0 UEFA Euro 2024 Qualifying
93%
26 March 2016 Germany 1-2 Friendly
91%
29 June 2021 Germany 2-0 UEFA Euro 2020
91%
7 June 2022 Germany 1-1 2022-23 UEFA Nations League A
91%
26 September 2022 Germany 3-2 2022-23 UEFA Nations League A
91%
3 July 2021 Ukraine 1-0 UEFA Euro 2020
82%
3 July 2021 Ukraine 3-0 UEFA Euro 2020
82%
26 March 2023 Ukraine 1-0 UEFA Euro 2024 Qualifying
82%
7 July 2021 Denmark 2-1 UEFA Euro 2020
79%
24 June 2018 Panama 2-0 2018 FIFA World Cup
79%
24 June 2018 Panama 5-0 2018 FIFA World Cup
79%
24 June 2018 Panama 6-0 2018 FIFA World Cup
79%
5 September 2015 San Marino 5-0 UEFA Euro 2016 Qualifying
79%
15 November 2021 San Marino 3-0 2022 FIFA World Cup Qualifying
79%
15 November 2021 San Marino 4-0 2022 FIFA World Cup Qualifying
79%
15 November 2021 San Marino 5-0 2022 FIFA World Cup Qualifying
79%
15 November 2021 San Marino 6-0 2022 FIFA World Cup Qualifying
79%
4 December 2022 Senegal 2-0 2022 FIFA World Cup
79%
3 July 2018 Colombia 1-0 2018 FIFA World Cup
78%
18 November 2018 Croatia 2-1 2018–19 UEFA Nations League A
78%
31 March 2021 Poland 1-0 2022 FIFA World Cup Qualifying
78%
8 September 2021 Poland 1-0 2022 FIFA World Cup Qualifying
78%
10 June 2017 Scotland 2-2 2018 FIFA World Cup Qualifying
78%
8 September 2015 Switzerland 1-0 UEFA Euro 2016 Qualifying
76%
26 March 2022 Switzerland 2-1 Friendly
76%
28 March 2021 Albania 1-0 2022 FIFA World Cup Qualifying
73%
12 November 2021 Albania 2-0 2022 FIFA World Cup Qualifying
73%
12 November 2021 Albania 4-0 2022 FIFA World Cup Qualifying
73%
12 November 2021 Albania 5-0 2022 FIFA World Cup Qualifying
73%
2 September 2021 Hungary 2-0 2022 FIFA World Cup Qualifying
73%
5 October 2017 Slovenia 1-0 2018 FIFA World Cup Qualifying
73%
22 March 2019 Czech Republic 2-0 UEFA Euro 2020 Qualifying
69%
11 October 2019 Czech Republic 1-0 UEFA Euro 2020 Qualifying
69%
27 March 2015 Lithuania 4-0 UEFA Euro 2016 Qualifying
69%
8 October 2017 Lithuania 1-0 2018 FIFA World Cup Qualifying
69%
22 May 2016 Turkey 1-0 Friendly
69%
1 September 2017 Malta 1-0 2018 FIFA World Cup Qualifying
67%
1 September 2017 Malta 4-0 2018 FIFA World Cup Qualifying
67%
16 June 2023 Malta 3-0 UEFA Euro 2024 Qualifying
67%
7 September 2019 Bulgaria 1-0 UEFA Euro 2020 Qualifying
66%
7 September 2019 Bulgaria 2-0 UEFA Euro 2020 Qualifying
66%
7 September 2019 Bulgaria 4-0 UEFA Euro 2020 Qualifying
66%
14 October 2019 Bulgaria 6-0 UEFA Euro 2020 Qualifying
66%
10 September 2019 Kosovo 2-1 UEFA Euro 2020 Qualifying
66%
7 November 2019 Kosovo 2-0 UEFA Euro 2020 Qualifying
66%
5 September 2021 Andorra 2-0 2022 FIFA World Cup Qualifying
64%
19 June 2023 North Macedonia 1-0 UEFA Euro 2024 Qualifying
64%
19 June 2023 North Macedonia 7-0 UEFA Euro 2024 Qualifying
64%
25 March 2019 Montenegro 4-1 UEFA Euro 2020 Qualifying
61%
14 November 2019 Montenegro 2-0 UEFA Euro 2020 Qualifying
61%
14 November 2019 Montenegro 3-0 UEFA Euro 2020 Qualifying
61%
14 November 2019 Montenegro 5-0 UEFA Euro 2020 Qualifying
61%
18 June 2018 Tunisia 1-0 2018 FIFA World Cup
61%
18 June 2018 Tunisia 2-1 2018 FIFA World Cup
61%
2 June 2018 Nigeria 2-0 Friendly
45%
No matching quizzes found
Score Distribution
Percent of People with Each Score
Percentile by Number Answered
Your Score History
You have not taken this quiz since the last reset